Entrepreneurial Administration : The Administrative Logic of Local Development Politics.

Bibliographic Details
Main Author: Algotson, Albin.
Format: eBook
Language:English
Published: Linköping : Linköping University Electronic Press, 2021.
Edition:1st ed.
Subjects:
Online Access:Click to View
LEADER 01902nam a22003493i 4500
001 EBC6837124
003 MiAaPQ
005 20240729202203.0
006 m o d |
007 cr cnu||||||||
008 240729s2021 xx o ||||0 eng d
020 |a 9789179291525  |q (electronic bk.) 
035 |a (MiAaPQ)EBC6837124 
035 |a (Au-PeEL)EBL6837124 
035 |a (OCoLC)1292359619 
040 |a MiAaPQ  |b eng  |e rda  |e pn  |c MiAaPQ  |d MiAaPQ 
100 1 |a Algotson, Albin. 
245 1 0 |a Entrepreneurial Administration :  |b The Administrative Logic of Local Development Politics. 
250 |a 1st ed. 
264 1 |a Linköping :  |b Linköping University Electronic Press,  |c 2021. 
264 4 |c {copy}2022. 
300 |a 1 online resource (98 pages) 
336 |a text  |b txt  |2 rdacontent 
337 |a computer  |b c  |2 rdamedia 
338 |a online resource  |b cr  |2 rdacarrier 
505 0 |a Intro -- Abstract -- Förord -- Lista över artiklar -- Innehåll -- Prolog -- Kapitel 1: Inledning -- Kapitel 2: Teoretiska perspektiv -- Kapitel 3: Entreprenörskap i förvaltningsforskning -- Kapitel 4: Lokal utvecklingspolitik som fall och fält -- Kapitel 5: Metod och material -- Kapitel 6: Sammanfattning av artiklarna -- Kapitel 7: Den entreprenöriella förvaltningslogiken -- Kapitel 8: Slutsatser -- Källor -- Artiklar. 
588 |a Description based on publisher supplied metadata and other sources. 
590 |a Electronic reproduction. Ann Arbor, Michigan : ProQuest Ebook Central, 2024. Available via World Wide Web. Access may be limited to ProQuest Ebook Central affiliated libraries.  
655 4 |a Electronic books. 
776 0 8 |i Print version:  |a Algotson, Albin  |t Entrepreneurial Administration  |d Linköping : Linköping University Electronic Press,c2021 
797 2 |a ProQuest (Firm) 
856 4 0 |u https://ebookcentral.proquest.com/lib/matrademy/detail.action?docID=6837124  |z Click to View